| 000 | 00552nam a2200169Ia 4500 | ||
|---|---|---|---|
| 008 | 090201s9999 xx 000 0 und d | ||
| 010 | _aKPL-57772 | ||
| 040 | _bमराठी | ||
| 041 | _aमराठी | ||
| 082 |
_a8016 _b57772 |
||
| 100 | _aध रा गाला | ||
| 245 |
_aउपवास करा निरोगी रहा _cध रा गाला |
||
| 260 |
_c2004 _bगाला पब्लिशर्स |
||
| 300 |
_a47 _bमोठा |
||
| 600 | _aउपवास करा निरोगी रहा | ||
| 942 | _cBOOK | ||
| 999 |
_c208663 _d208663 |
||